| 000 | 00488nam a2200181Ia 4500 | ||
|---|---|---|---|
| 003 | OSt | ||
| 005 | 20251219144603.0 | ||
| 008 | 210210b1949 xxu||||| |||| 00| 0 eng d | ||
| 040 | _cAL | ||
| 041 | _akan | ||
| 082 | _a859/2268 | ||
| 100 |
_aHITTALAMANE (V C) _9158745 _dಹಿತ್ತಲಮನೆ (ವಿ ಸಿ) |
||
| 245 |
_aNanna svami: _bನನ್ನ ಸ್ವಾಮಿ |
||
| 260 |
_aShirasi _b- _c1949 |
||
| 690 |
_aKannada Fiction _9158746 |
||
| 906 | _a022982 | ||
| 942 |
_2ddc _cBK |
||
| 999 |
_c147815 _d147815 |
||